| 000 | 00502nam a22001457a 4500 | ||
|---|---|---|---|
| 005 | 20120215151531.0 | ||
| 020 |
_a8120319222 _c495.00 |
||
| 035 | _aB-62768 | ||
| 245 | _aStep by step: microsoft access / | ||
| 260 |
_aNew Delhi _bPrentic hallof India _c2001 |
||
| 300 |
_axxi, 320p. _c23cms |
||
| 700 |
_aHutnik, Stephen _942168 |
||
| 942 |
_2ddc _cEN _h005.754 _mMIC |
||
| 999 |
_c62889 _d62889 |
||